| 000 | 01058nam a22003017a 4500 | ||
|---|---|---|---|
| 003 | CHAP | ||
| 005 | 20220329140537.0 | ||
| 008 | 971013s1952 r 00010 d | ||
| 010 | _a53660 | ||
| 011 | _a54632 | ||
| 035 | _a58783 | ||
| 040 | _cCHAP | ||
| 082 |
_a972.083 _bR8 |
||
| 100 | 0 | 0 |
_aRuiz Cortines, Adolfo. _9100635 |
| 245 | _aDiscursos pronuciados del 14 de octubre de 1951 al 22 de junio de 1952, durante su campaña polpitica como candidato a la presidencia de la República | ||
| 260 |
_aMéxico, D. F. (s.e.), _c(1952) |
||
| 300 | _aPag. varía | ||
| 590 |
_aBATCH-UPD _b10 _c20130110 _lUCH01 _h1259 |
||
| 590 |
_aBATCH-UPD _b10 _c20130410 _lUCH01 _h0818 |
||
| 590 |
_aBATCH-UPD _b10 _c20130914 _lUCH01 _h1825 |
||
| 590 |
_aBATCH-UPD _b10 _c20161124 _lUCH01 _h1710 |
||
| 590 |
_aCONVERSION _b10 _c20130109 _lUCH01 _h1329 |
||
| 651 | 4 |
_aMéxico _xPolítica y gobierno. _976783 |
|
| 901 | _aBK | ||
| 942 | _cLIBRO | ||
| 949 |
_a972.083 R8 _bBC _cBPA _d-127409 _eBPA _h25867 _i58783 _si |
||
| 949 |
_a972.083 R8 _bBC _cBPA _d-127410 _eBPA _fc.2 _h51669 _i58783 _si |
||
| 999 |
_c53660 _d53660 |
||